| 000 | 00793njm a2200181 a 4500 | ||
|---|---|---|---|
| 001 | ASINB00CO8KNAS | ||
| 005 | 20200421093826.0 | ||
| 008 | 130724s2013 xxu eng d | ||
| 020 | _c£15.99 | ||
| 024 | 1 | _a710347119128 | |
| 100 | 1 | _aFuchs, Dana. | |
| 245 | 1 | 0 |
_aBliss avenue _h[sound recording] / _cDana Fuchs. |
| 260 |
_a[S.l.] : _bRUF, _c2013. |
||
| 300 |
_a1 sound disc : _bdigital ; _c4 3/4 in. |
||
| 505 | 0 |
_tBliss avenue -- _tHow did things get this way -- _tHandful too many -- _tLivin' on sunday -- _tSo hard to move -- _tDaddy's little girl -- _tRodents in the attic -- _tBaby loves the life -- _tNothin' on my mind -- _tKeep on walkin' -- _tVagabond wind -- _tLong long game. |
|
| 856 | 4 | 0 |
_3Amazon.com _uhttp://www.amazon.co.uk/exec/obidos/ASIN/B00CO8KNAS/chopaconline-20 |
| 942 |
_2ddc _cMU |
||
| 999 |
_c316 _d316 |
||